| 000 | 00855nam a2200193Ia 4500 | ||
|---|---|---|---|
| 003 | GCL | ||
| 008 | 140319s9999 xx 000 0 ara d | ||
| 040 |
_aGCL / _cGCL |
||
| 082 | 0 | 4 |
_a810.9027 _bج ا |
| 100 | 1 | _aجمال الدين ابى الفرج عبدالرحم | |
| 245 | 1 | 0 |
_aاخبار الحمقى والمغفلين: منالفقهاء والمفسيرين الرواة والمحدثين والشعراء والمتأدبين والكتاب والمعلمين والتجار والمتسببين وطوائف تتصل للغفلة بسبب متين / _cجمال الدين ابى الفرج عبدالرحم |
| 260 |
_a[S.N] : _bدار الكتب العلمية للنشر والتوزيع ، _c1985 |
||
| 300 | _a192 ص | ||
| 490 | _a | ||
| 650 | 0 | 4 | _aالتراث |
| 650 | 0 | 4 | _aالادب |
| 650 | 0 | 4 | _aالانباء |
| 942 |
_2ddc _cBK |
||
| 999 |
_c56117 _d56117 |
||